| 000 | 004690000a22001810004500 | ||
|---|---|---|---|
| 003 | MACL | ||
| 005 | 20160122153333.0 | ||
| 008 | 160122b xxu||||| |||| 00| 0 eng d | ||
| 040 |
_aMACL _cMACL |
||
| 041 | _aEnglish | ||
| 082 | _a343.071/BAN | ||
| 100 |
_aBangia, R K _934118 |
||
| 245 | _aConsumer Protection law's And Procedures | ||
| 260 |
_bPioneer Pubications _c1998 _aFaridabad |
||
| 350 | _a120 | ||
| 650 |
_aIndustrial law _934119 |
||
| 942 |
_cBK _k343/Ban _2ddc |
||
| 999 |
_c32448 _d32448 |
||